01113nam a2200193Ia 4500001001100000003001000011008004100021040002500062041001300087100003100100245003400131250001100165260009200176300001200268500024000280501011400520520024000634650004500874L808-32312IT-CnALBA170116s9999||||xx |||||||||||||| ||und|| aIT-CnALBAcIT-CnALBA aITALIANO aSEMPIO ROSSI ERMINIA, CAV. 0aBRUNELLA VIENI!!!.. ROMANZO.  a1a ed. aCINISELLO BALSAMO (MI)bEDIZIONI PAOLINEc1966 [1° Ed.:1966 - Ed.Ling.Originale: 1966] a224 p.  aROMANZI DELLA FAMIGLIA. AMORE SCOPERTO VISSUTO PROVATO. NELLA GIOIA E NELLA SOFFERENZA. DONO DI UNA FAMIGLIA, DI UN'ALLEANZA ETERNA. PERSONAGGI DISEGNATI, NITIDI NEI LORO CARATTERI E NELLA LORO FISIONOMIA. BRUNELLA WANDA CINZIA BRUNO.  aSocietà San Paolo EM - Piazza San Paolo, 14 - 12051 ALBA (CN) (non commercial uses only) ® Copyright 2017 aROMANZI DELLA FAMIGLIA. AMORE SCOPERTO VISSUTO PROVATO. NELLA GIOIA E NELLA SOFFERENZA. DONO DI UNA FAMIGLIA, DI UN'ALLEANZA ETERNA. PERSONAGGI DISEGNATI, NITIDI NEI LORO CARATTERI E NELLA LORO FISIONOMIA. BRUNELLA WANDA CINZIA BRUNO.  aNARRATIVA DI VARIE LETTERATURE - ROMANZI